000
00198 a2200097 4500
001
10983
100
_a
Herriot. D
245
_a
Essential Psychology
260
_a
_b
Methuen
_c
090
_c
8551
_d
8551
942
_a
NUST-CAE
_c
M
_c
35324
999
_c
246056
_d
246056